Vida oculta, una muestra de la flora de Boyacá y Casanare, Colombia / (Registro nro. 8692)

Detalles MARC
000 -CABECERA
Campo de control 00904nam a22002417a 4500
005 - FECHA Y HORA DE LA ULTIMA TRANSACCION
Campo de control 20141101020003.0
008 - ELEMENTOS DE LONGITUD FIJA—INFORMACION GENERAL
Campo de control 120914s2012 sp gr 000 0dspa d
020 ## - ISBN
ISBN 9789586601900
041 ## - IDIOMA
Código de idioma para texto/pista de sonido o título separado Español
044 ## - PAÍS DE PUBLICACIÓN
País de publicación Colombia
082 04 - NUMERO DE CLASIFICACION DECIMAL DEWEY
Número de clasificación 581.7
Número del ítem M82v
100 1# - ASIENTO PRINCIPAL--NOMBRE PERSONAL
Nombre personal Morales-Puentes, María Eugenia
245 10 - MENCION DE TITULO
Título Vida oculta, una muestra de la flora de Boyacá y Casanare, Colombia /
Mención de responsabilidad Morales Puentes Maria Eugenia.
260 ## - PUBLICACION, DISTRIBUCION, ETC. (PIE DE IMPRENTA)
Lugar de publicación, distribución, etc. Tunja :
Nombre del editor, distribuidor, etc. Universidad Tecnológica y Pedagógica de Colombia - UPTC,
Fecha de publicación, distribución, etc. 2012.
300 ## - DESCRIPCION FISICA
Extensión 420 p.
Otros detalles físicos fot. (col)
Dimensiones 24 cm.
490 ## - MENCION DE SERIE
Mención de serie Colección Investigación UPTC
Designación numérica/secuencial del volumen 49
504 ## - NOTA DE BIBLIOGRAFIA, ETC.
Nota de bibliografía Incluye referencias bibliográficas (pag. 410-420)
650 #6 - ASIENTO SECUNDARIO DE MATERIA - TERMINO TEMATICO
Término temático o nombre geográfico como elemento de entrada Flora
Subdivisión geográfica Boyacá (Dpt. Colombia)
650 #6 - ASIENTO SECUNDARIO DE MATERIA - TERMINO TEMATICO
Término temático o nombre geográfico como elemento de entrada Flora
Subdivisión geográfica Casanare (Dpt. Colombia)
700 1# - ASIENTO SECUNDARIO - NOMBRE PERSONAL
Nombre personal Gil-Leguizamo, Pablo Andrés
700 1# - ASIENTO SECUNDARIO - NOMBRE PERSONAL
Nombre personal Díaz-Pérez, Carlos Nelson
942 ## - ELEMENTOS ADICIONALES (KOHA)
Sistema de clasificación Dewey Decimal Classification
Tipo de ítem Libro
Koha issues (borrowed), all copies 1
Existencias
Withdrawn status Lost status Sistema de Clasificación Damaged status No para préstamo Colección Inventariado Ubicación Permanente Ubicación actual Fecha de adquisición Fuente de Valor Valor Total Checkouts Número topográfico Inventario / Código de Barras Date last seen Date checked out Ejemplar Price effective from Forma de adquisición Tipo de material
    Dewey Decimal Classification     General Inventariado 2017 Bogotá Bogotá 12/09/2014 Instituto 39000.00 1 LB-581.7 M82v 038363 04/11/2014 31/10/2014 Ej. 1 12/09/2014   Libro